Statistics for All-Time Edmonton Oilers

Click here to take the quiz!

General Stats

  • This quiz has been taken 175 times
  • The average score is 7 of 13

Answer Stats

PositionAnswer% Correct
1st Line CGretzky
96%
1st Line RWKurri
86%
2nd Line CMessier
86%
Starting GoalieFuhr
80%
1st Line DCoffey
79%
2nd Line RWMcDavid
65%
1st Line LWAnderson
63%
2nd Line LWSmyth
42%
2nd Line DPronger
36%
Backup GoalieRoloson
16%
CoachQuinn
9%
1st Line DMironov
1%
2nd Line DBergeron
0%

Score Distribution

Percentile by Number Answered

Percent of People with Each Score

Your Score History

You have not taken this quiz